[Event "Jesenik op-B"]
[Site "Jesenik"]
[Date "2023.08.25"]
[Round "7"]
[White "Mrazek, Adam"]
[Black "Trojan, Matyas"]
[Result "1-0"]
[WhiteElo "1682"]
[BlackElo "1896"]
[PlyCount "53"]
[EventDate "2023.08.19"]
[EventType "swiss"]
[EventRounds "9"]
[EventCountry "CZE"]
[SourceTitle "EXT 2024"]
[Source "ChessBase"]
[SourceDate "2023.10.10"]
[SourceVersion "1"]
[SourceVersionDate "2023.10.10"]
[SourceQuality "1"]

1. c4 e6 2. Nf3 Nf6 3. g3 d5 4. b3 c5 5. Bb2 b6 6. Bg2 Bb7 7. 0-0 Bd6 8. cxd5 exd5 9. d4 0-0 10. e3 Ne4 11. Nc3 f5 12. dxc5 Bxc5 13. Ne2 Re8 14. Nfd4 g6 15. a3 a5 16. Rc1 Qe7 17. Nf4 Na6 18. Ra1 Rac8 19. Nde6 Nxf2 20. Rxf2 Bxe3 21. Qd3 Bxf2+ 22. Kxf2 Qd6 23. Re1 Rxe6 24. Nxe6 Kf7 25. Qd4 Rc2+ 26. Kg1 Rxb2 27. Qg7+ 1-0

[Event "Jesenik op-B"]
[Site "Jesenik"]
[Date "2023.08.19"]
[Round "1"]
[White "Brezikova, Beata"]
[Black "Trojan, Matyas"]
[Result "0-1"]
[WhiteElo "1498"]
[BlackElo "1896"]
[PlyCount "86"]
[EventDate "2023.08.19"]
[EventType "swiss"]
[EventRounds "9"]
[EventCountry "CZE"]
[SourceTitle "EXT 2024"]
[Source "ChessBase"]
[SourceDate "2023.10.10"]
[SourceVersion "1"]
[SourceVersionDate "2023.10.10"]
[SourceQuality "1"]

1. e4 e5 2. Nf3 Nc6 3. d4 exd4 4. Bc4 Bb4+ 5. c3 dxc3 6. bxc3 Ba5 7. 0-0 Nf6 8. e5 d5 9. Bb3 Ne4 10. Bxd5 Nxc3 11. Nxc3 Bxc3 12. Rb1 0-0 13. Qb3 Nd4 14. Nxd4 Bxd4 15. Ba3 c5 16. Bxb7 Rb8 17. Qf3 Bxb7 18. Rxb7 Rxb7 19. Qxb7 Qa5 20. Bb2 Qxa2 21. Bxd4 cxd4 22. Qd7 Qd2 23. Qxa7 h6 24. Qa4 Rc8 25. Qd1 Qf4 26. Re1 Rd8 27. Qc1 Qf5 28. Qb1 d3 29. Rd1 Qe4 30. h3 Qe2 31. Re1 Qc2 32. Kf1 Qc4 33. Qc1 Qd4 34. Qd2 Rc8 35. Rd1 Rc3 36. Qe3 Qc4 37. Kg1 Kh7 38. f3 Kg6 39. Qe4+ Qxe4 40. fxe4 Kg5 41. g3 h5 42. Rd2 h4 43. Kg2 Rc2 0-1

[Event "Moravia-Silesia Region-chT 2223"]
[Site "Czech Republic"]
[Date "2023.02.12"]
[Round "8"]
[White "Trojan, Matyas"]
[Black "Sikora, Matous"]
[Result "0-1"]
[WhiteElo "1852"]
[BlackElo "2054"]
[PlyCount "60"]
[EventDate "2022.10.09"]
[EventType "team-tourn"]
[EventRounds "11"]
[EventCountry "CZE"]
[SourceTitle "EXT 2024"]
[Source "ChessBase"]
[SourceDate "2023.10.10"]
[SourceVersion "1"]
[SourceVersionDate "2023.10.10"]
[SourceQuality "1"]
[WhiteTeam "Frydek Mistek IV"]
[BlackTeam "Orlova Slavia III"]
[WhiteTeamCountry "CZE"]
[BlackTeamCountry "CZE"]

1. e4 e6 2. d4 d5 3. Nc3 Bb4 4. e5 c5 5. a3 Bxc3+ 6. bxc3 Qa5 7. Bd2 Qa4 8. Nf3 Nc6 9. dxc5 Nge7 10. Bd3 Ng6 11. Qe2 a6 12. h4 Qg4 13. Qe3 f6 14. exf6 gxf6 15. 0-0-0 e5 16. Rde1 Nge7 17. Be2 Qa4 18. Kb2 Bf5 19. Rc1 Rg8 20. g3 Rc8 21. c4 dxc4 22. Bc3 Nd5 23. Qd2 Rd8 24. Rcd1 Na7 25. Bb4 a5 26. Bxc4 axb4 27. axb4 Rg4 28. Bb3 Qxb4 29. c3 Qxc5 30. Bxd5 Qb5+ 0-1

[Event "CZE-ch U16"]
[Site "Luhacovice"]
[Date "2022.03.15"]
[Round "5"]
[White "Oborny, Stanislav"]
[Black "Trojan, Matyas"]
[Result "0-1"]
[WhiteElo "1674"]
[BlackElo "1582"]
[PlyCount "98"]
[EventDate "2022.03.12"]
[EventType "swiss"]
[EventRounds "9"]
[EventCountry "CZE"]
[SourceTitle "EXT 2023"]
[Source "ChessBase"]
[SourceDate "2022.10.05"]
[SourceVersion "1"]
[SourceVersionDate "2022.10.05"]
[SourceQuality "1"]

1. e4 e5 2. Nf3 Nc6 3. Bb5 a6 4. Ba4 Nf6 5. d3 b5 6. Bb3 Be7 7. 0-0 d6 8. c3 0-0 9. h3 Bb7 10. Re1 Re8 11. Nbd2 Bf8 12. Nf1 g6 13. Bg5 Bg7 14. Ne3 Qd7 15. Qd2 Na5 16. Bc2 c5 17. Rad1 d5 18. Bxf6 Bxf6 19. exd5 Bxd5 20. Ng4 Qd6 21. Qe2 Bxa2 22. Ra1 e4 23. Rxa2 exf3 24. Qxe8+ Rxe8 25. Rxe8+ Kg7 26. Rxa5 Bd8 27. Ra1 fxg2 28. Rae1 Bh4 29. Ne5 Qf6 30. Re2 Qf5 31. Ng4 h5 32. d4 Qf4 33. Ne3 cxd4 34. Nxg2 Qc1+ 35. Kh2 Bg5 36. cxd4 Qxb2 37. d5 Qd4 38. R8e5 Bf6 39. R2e4 Bxe5+ 40. f4 Qc3 41. fxe5 Qxc2 42. Re3 Qd2 43. d6 b4 44. Kg3 a5 45. Kf3 b3 46. e6 fxe6 47. Nf4 Qxd6 48. Rxe6 Qxe6 49. Nxe6+ Kh8 0-1

[Event "CZE-ch U16"]
[Site "Luhacovice"]
[Date "2022.03.14"]
[Round "3"]
[White "Pelc, Adam"]
[Black "Trojan, Matyas"]
[Result "1-0"]
[WhiteElo "1811"]
[BlackElo "1582"]
[PlyCount "107"]
[EventDate "2022.03.12"]
[EventType "swiss"]
[EventRounds "9"]
[EventCountry "CZE"]
[SourceTitle "EXT 2023"]
[Source "ChessBase"]
[SourceDate "2022.10.05"]
[SourceVersion "1"]
[SourceVersionDate "2022.10.05"]
[SourceQuality "1"]

1. e4 e5 2. Nf3 Nc6 3. Bb5 a6 4. Bxc6 dxc6 5. 0-0 Qd6 6. d3 f6 7. Be3 Ne7 8. Nfd2 Be6 9. Nb3 b6 10. N1d2 Ng6 11. a4 c5 12. Nc1 Be7 13. Ne2 0-0 14. f4 exf4 15. Nxf4 Nxf4 16. Rxf4 f5 17. exf5 Bg5 18. Ne4 Qe5 19. Nxg5 Qxe3+ 20. Rf2 Bxf5 21. Qd2 Qxd2 22. Rxd2 h6 23. Nf3 Rfe8 24. Kf2 Re7 25. Re2 Rae8 26. Rae1 Rxe2+ 27. Rxe2 Rxe2+ 28. Kxe2 Bd7 29. b3 Bg4 30. Ke3 Bxf3 31. Kxf3 Kf7 32. Ke4 Ke6 33. c3 a5 34. d4 cxd4 35. Kxd4 c6 36. b4 Kd6 37. bxa5 bxa5 38. Kc4 g6 39. g3 h5 40. h4 Ke5 41. Kc5 Kf5 42. Kxc6 Kg4 43. c4 Kxg3 44. c5 Kxh4 45. Kb5 Kg3 46. c6 h4 47. c7 h3 48. c8Q h2 49. Qc6 g5 50. Kxa5 g4 51. Kb4 Kh3 52. a5 g3 53. a6 g2 54. Qf3+ 1-0